000 00524nam a2200181Ia 4500
005 20250508162946.0
008 008 250505s9999 xx 000 0 hin d
037 _aTextual
040 _aFEDL
_beng
_cFEDL
041 _ahin
_2eng
084 _a491.43, MIS
_qFEDL
100 _aMiser Lakashmikant
_9774516
245 0 _aTulsi aur Jaysi ki bhasha ka tulnatmak adhyayan
260 _aNew Delhi, India
_bTulika Prakashan
_c1991
300 _a336p
942 _cTEXL
_h491.43, MIS
999 _c1379634
_d1379634